|
|
|
|
| LEADER |
00000nam a2200000 a 4500 |
| 001 |
vtls011535179 |
| 003 |
SK-MaSNL |
| 005 |
20260301220149.0 |
| 008 |
240318s2015 xo oa e n 000 0 slo |
| 015 |
|
|
|a SNBA2016/04
|
| 020 |
|
|
|a 9788081810459
|q (viaz.)
|
| 035 |
|
|
|a urn:nbn:sk:snk-am00avct
|
| 035 |
|
|
|a urn:nbn:sk:snk-am3h9i7
|
| 035 |
|
|
|a 3D4F424C-4335-4945-B08B-C3AA988CBDA4
|
| 040 |
|
|
|a SNK
|b slo
|c SNK
|e AACR2
|
| 041 |
0 |
|
|a slo
|
| 044 |
|
|
|a xo
|c SK
|
| 072 |
|
7 |
|a 681.5
|x Automatizačná a riadiaca technika
|2 konspekt
|
| 080 |
|
|
|a 656.8
|2 2011
|
| 080 |
|
|
|a (075.8)
|2 2011
|
| 080 |
|
|
|a 005.51
|2 2011
|
| 080 |
|
|
|a 681.518.52:621.396
|2 2011
|
| 100 |
1 |
|
|a Vaculík, Juraj,
|d 1953-
|4 aut
|9 206467
|
| 245 |
1 |
0 |
|a Technológia RFID v pošte a logistike
|c Juraj Vaculík, Peter Kolarovszki
|
| 250 |
|
|
|a 1. vyd.
|
| 260 |
|
|
|a Bratislava
|b Dolis
|c 2015
|
| 300 |
|
|
|a 173 s.
|b fotogr., ilustr., sch., tab.
|c 26 cm
|
| 366 |
|
|
|e 150 výt.
|
| 504 |
|
|
|a Bibliogr.: s. 165-173 ; bibliogr. odkazy ; pozn. ; základné pojmy ; zoz. ilustr. a tab. ; zoz. skrat.
|
| 650 |
0 |
7 |
|a pošty
|2 SNKPH
|9 13835
|
| 650 |
0 |
7 |
|a Post
|2 SNKPHeng
|9 1978
|
| 650 |
0 |
7 |
|a logistika (manažment)
|2 SNKPH
|9 3620
|
| 650 |
0 |
7 |
|a Business logistics
|2 SNKPHeng
|9 274299
|
| 650 |
0 |
7 |
|a RFID technológie
|2 SNKPH
|9 54434
|
| 650 |
0 |
7 |
|a RFID technology
|2 SNKPHeng
|9 333161
|
| 655 |
|
7 |
|a učebnice vysokých škôl
|2 SNKPH
|9 70191
|
| 655 |
|
7 |
|a Textbooks (higher)
|2 SNKPHeng
|9 276436
|
| 700 |
1 |
|
|a Kolarovszki, Peter,
|d 1982-
|4 aut
|9 245050
|
| 919 |
|
|
|a 978-80-8181-045-9
|
| 958 |
|
|
|a NB
|
| 999 |
|
|
|c 930833
|d 932763
|
| 952 |
|
|
|a SNK
|b SNK
|y PREZ
|7 0
|p 17A1183087
|o snkSB 89801
|i snk2016/7462
|8 0
|0 0
|1 0
|4 0
|d 2016-03-16
|f 1
|l 0
|r 2025-05-12 00:00:00
|w 2026-02-24
|
| 952 |
|
|
|a SNK
|b SNK
|y VYP
|7 0
|p 17A1183089
|o snkSB 89801 D1
|i snk2016/7463
|8 0
|0 0
|1 0
|4 0
|d 2016-03-16
|l 0
|r 2026-02-24 08:47:29
|w 2026-02-24
|